Το χρώμα της ορχήστρας : ποιήματα

Αποθηκεύτηκε σε:
Λεπτομέρειες βιβλιογραφικής εγγραφής
Κύριος συγγραφέας: Κακουλίδης, Γιώργος, 1956-
Μορφή: Βιβλίο
Γλώσσα:Greek
Δημοσίευση: Αθήνα : Καστανιώτης, 1989.
Θέματα:
Ετικέτες: Προσθήκη ετικέτας
Δεν υπάρχουν, Καταχωρήστε ετικέτα πρώτοι!

MARC

LEADER 00000cam a2200000 i 4500
001 1/50716
008 140703s1989 gre d
020 |a 960-03-0326-6  
035 |l 10118208 
040 |a GR-MY-UA  |b gre  |e aacr 
041 0 |a gre 
082 0 |a 889.1   |2 (23) 
100 1 |a Κακουλίδης, Γιώργος,   |d 1956- 
245 1 3 |a Το χρώμα της ορχήστρας :   |b ποιήματα /   |c Γιώργος Κακουλίδης ; πρόλογος: Βάσιας Τσοκόπουλος  
260 |a Αθήνα :   |b Καστανιώτης,   |c 1989.  
300 |a 47 σ.;   |c 21 εκ.  
650 0 0 |a Greek poetry, Modern  |y 20th century. 
852 |a INST  |b LEMNOS  |e 20140703  |h 889.1 ΚΑΚ  |p 005600001190  |q 005600001190  |t BK  |y 0 
901 |a BIBL6-2014-2 
909 |a Μ  |b 161415 
922 |a 6ΕΛΗ 
970 |a ΜΟΣΧΟΒΗ  |b ΕΥΑΓΓΕΛΙΑ  |z 2014/07/03